000 00333nam a2200133Ia 4500
008 240624s9999 xx 000 0 und d
041 _aeng
082 _a828 AMI
100 _aAMISH
245 _aIMMORTAL INDIA YOUNG COUNTRY TIMELESS CI
260 _c2017
_aNew Delhi
_bWestland
300 _axxv, 188 p.; 19 cm.
365 _cRS
_b30
999 _c29525
_d29525